Системное программное обеспечение / ДО 2015: электронный курс

מידע ביבליוגרפי
מחבר ראשי: Лоскутов В. В. Виталий Валерьевич
מחבר תאגידי: Национальный исследовательский Томский политехнический университет Инженерная школа информационных технологий и робототехники Отделение информационных технологий
סיכום:Заглавие с экрана
Основной целью курса является подготовка студентов к проектно-технологической деятельности в области создания компонентов программных комплексов и баз данных с использованием современных инструментальных средств и технологий программирования. В курсе рассматриваются темы расположения СПО в общей структуре ЭВМ, взаимодействия ЭВМ с аппаратурой, классификации и структуры системных программ, современных способов кодирования информации в ЭВМ, разработки программ под ОС Windows, процессы и механизмы выполнения программ, взаимодействия и синхронизации между процессами, принципы аппаратуры ввода-вывода, принципы работы памяти и файловых систем. Для полноценного освоения критически важны знания студентов о архитектуре ЭВМ, принципах построения современных операционных систем, знания технологий и алгоритмов разработки программ и объектно-ориентированного подхода к программированию.
Доступ по логину и паролю
שפה:רוסית
יצא לאור: Томск, TPU Moodle, 2020
נושאים:
גישה מקוונת:https://design.lms.tpu.ru/course/view.php?id=3432
פורמט: MixedMaterials אלקטרוני ספר
KOHA link:https://koha.lib.tpu.ru/cgi-bin/koha/opac-detail.pl?biblionumber=667569

MARC

LEADER 00000nlm0a2200000 4500
001 667569
005 20240116100607.0
035 |a (RuTPU)RU\TPU\network\38774 
035 |a RU\TPU\network\38773 
090 |a 667569 
100 |a 20220404d2020 m y0rusy50 ca 
101 0 |a rus 
102 |a RU 
105 |a a j 000zy 
135 |a jrcn ---uucaa 
181 0 |a i  
182 0 |a b 
200 1 |a Системное программное обеспечение / ДО 2015  |e электронный курс  |f В. В. Лоскутов  |g Национальный исследовательский Томский политехнический университет, Инженерная школа информационных технологий и робототехники, Отделение информационных технологий 
203 |a Текст  |c электронный 
210 |a Томск  |c TPU Moodle  |d 2020 
300 |a Заглавие с экрана 
330 |a Основной целью курса является подготовка студентов к проектно-технологической деятельности в области создания компонентов программных комплексов и баз данных с использованием современных инструментальных средств и технологий программирования. В курсе рассматриваются темы расположения СПО в общей структуре ЭВМ, взаимодействия ЭВМ с аппаратурой, классификации и структуры системных программ, современных способов кодирования информации в ЭВМ, разработки программ под ОС Windows, процессы и механизмы выполнения программ, взаимодействия и синхронизации между процессами, принципы аппаратуры ввода-вывода, принципы работы памяти и файловых систем. Для полноценного освоения критически важны знания студентов о архитектуре ЭВМ, принципах построения современных операционных систем, знания технологий и алгоритмов разработки программ и объектно-ориентированного подхода к программированию. 
333 |a Доступ по логину и паролю 
606 1 |a Программирование системное  |2 stltpush  |3 (RuTPU)RU\TPU\subj\51786  |9 70351 
610 1 |a электронный ресурс 
610 1 |a труды учёных ТПУ 
610 1 |a электронное обучение 
610 1 |a электронные курсы ТПУ 
610 1 |a электронные учебные пособия 
610 1 |a стандарты кодирования 
610 1 |a операционные системы 
610 1 |a Windows API 
610 1 |a WinAPI 
610 1 |a синхронизация 
610 1 |a межпроцессорное взаимодействие 
610 1 |a драйверы 
610 1 |a многопроцессорные системы 
610 1 |a параллельные вычисления 
610 1 |a память 
610 1 |a файловые системы 
675 |a 004.45(075.8)  |v 3 
700 1 |a Лоскутов  |b В. В.  |c специалист в области информатики и вычислительной техники  |c старший преподаватель Томского политехнического университета  |f 1992-  |g Виталий Валерьевич  |3 (RuTPU)RU\TPU\pers\41759  |9 21431 
712 0 2 |a Национальный исследовательский Томский политехнический университет  |b Инженерная школа информационных технологий и робототехники  |b Отделение информационных технологий  |3 (RuTPU)RU\TPU\col\23515 
801 2 |a RU  |b 63413507  |c 20220816  |g RCR 
856 4 |u https://design.lms.tpu.ru/course/view.php?id=3432 
942 |c CF